Interkultúrne osobitosti obchodných rokovaní v poistnej praxi

Vzťah poistného sprostredkovateľa k obchodným partnerom. Východiská zahraničných obchodných rokovaní. Skutočnosti vplývajúce na priebeh obchodného rokovania. Príprava na zahraničné obchodné rokovanie. Základné zásady zahraničných obchodných rokovaní. Obchodné rokovania medzi poistným sprostredkovate...

Ausführliche Beschreibung

Gespeichert in:
Bibliographische Detailangaben
1. Verfasser: Littvová, Zuzana
Format: Buchkapitel
Sprache:Slowakisch
Schlagworte:
Tags: Tag hinzufügen
Keine Tags, Fügen Sie das erste Tag hinzu!

MARC

LEADER 00000nla$a2200000$$$4500
001 0117368
005 20240611095325.8
041 0 |a slo 
044 |a SK 
245 1 0 |a Interkultúrne osobitosti obchodných rokovaní v poistnej praxi  |c Zuzana Littvová 
520 |a Vzťah poistného sprostredkovateľa k obchodným partnerom. Východiská zahraničných obchodných rokovaní. Skutočnosti vplývajúce na priebeh obchodného rokovania. Príprava na zahraničné obchodné rokovanie. Základné zásady zahraničných obchodných rokovaní. Obchodné rokovania medzi poistným sprostredkovateľom a obchodným partnerom. Rozdelenie krajín podľa špecifík obchodných rokovaní. 
610 2 0 |a rokovania obchodné 
610 2 0 |a partneri obchodní 
610 2 0 |a spolupráca cezhraničná 
610 2 0 |a spolupráca medzinárodná 
610 2 0 |a kultúra 
610 2 0 |a jazyky cudzie 
610 2 0 |a náboženstvo 
610 2 0 |a poisťovníctvo 
610 2 0 |a poistenie 
100 1 |a Littvová, Zuzana